000 00403nam a2200157Ia 4500
001 62870
008 180601n ii |||gr||||Z||||||465
082 _a891.431
100 _aMathur, Jagadish Chandra,
_eAuthor.
245 0 _aKonark
_cJagadish Chandra Mathur
_hTextual Documents
250 _aIst ed - 1951.
300 _a87p:
_c18cm.
653 _aHindi Drama
653 _aG - Hindi
942 _2ddc
_cBK
999 _c63977
_d63977